Taller de còmic a l'escola / Héctor Duarte, Montserrat Navarro ; col·laboració de Germano Bozzelli
Descripción Física:
62, [3] f. ; 30 cm
MARC
| LEADER | 00000nam a2200000Ia 4500 | ||
|---|---|---|---|
| 001 | 2004 | ||
| 008 | 160829s9999 xx 000 0 cat d | ||
| 080 | |a E-1-12 | ||
| 100 | |a Duarte, Hèctor |9 35806 | ||
| 245 | |a Taller de còmic a l'escola / Héctor Duarte, Montserrat Navarro ; col·laboració de Germano Bozzelli | ||
| 260 | |a Barcelona : |b Diputació de Barcelona. Servei d'Ensenyament i Investigació, [198 - ?] | ||
| 300 | |a 62, [3] f. ; |c 30 cm | ||
| 650 | |a Ensenyament audiovisual |9 34047 | ||
| 650 | |a Còmics en l'ensenyament |9 34048 | ||
| 700 | |a Navarro, Montserrat |9 34049 | ||
| 700 | |a Bozzelli, Germano |9 34050 | ||
| 710 | 1 | |a Barcelona (Catalunya : Província). |b Servei d'Ensenyament i Investigació |9 54366 | |
| 901 | |a Arxiu | ||
| 942 | |n 1 | ||
| 952 | |0 0 |1 0 |4 0 |6 E112 |7 1 |9 46355 |a Arxiu |b Arxiu |d 2016-12-01 |l 0 |o E-1-12 |p 2004 |r 2016-12-01 00:00:00 |w 2016-12-01 |y ARXIU | ||
| 999 | |c 50140 |d 50140 | ||